000
00367nam a22001337a 4500
003
SGT
020
_a
8171241441
082
_a
891.4309
_b
J95R
100
_a
राय, विवेकी
245
_a
जगत तपोवन सो कियो
260
_b
विश्वविद्यालय प्रकाशन
_c
1995
300
_a
123
942
_2
ddc
_c
BK
999
_c
30450
_d
30450